000 00332nam a22001217a 4500
020 _a0321193660
082 _222
_a005.432
100 _aPalmer, Brandon and Nazario, Jose,
245 _aSecure architectures with open BSD /
260 _aUSA,
_bPearson Educations,
_cc2004.
300 _axix, 517 p. ;
_bill. ;
_c23 cm.
942 _2ddc
_cIT
999 _c3874
_d3874